000 00736nam a22002057a 4500
008 081020t xxu||||| |||| 00| 0 eng d
010 _aENG-84049
020 _a8131300781
020 _c250.00 (hb)
035 _aEN-67582
082 _a374.4 / SID
100 _aSiddiqui, Mujibul Hasan
245 _aDistance education:
_btheory and research /
_cby Mujibul Hasan Siddiqui
260 _aNew Delhi
_bA P H Publishing
260 _c2007
300 _axiv,161p
_c22cm
500 _aIncludes bibliographical references
942 _2ddc
_cEN
_h374.4
_mSID
999 _c17016
_d17016